Kaikki Suomen kuntien vaakunat - Statistics

Yleistilastot
  • Tätä visaa on pelattu 427 kertaa
  • Keskiarvotulos 150 / 308
Vastaustilastot
Kuvavisa Vastaus % Oikein
Helsinki
81%
Nurmijärvi
81%
Hämeenlinna
77%
Vantaa
77%
Lappeenranta
76%
Pukkila
76%
Espoo
75%
Inari
75%
Orimattila
74%
Orivesi
74%
Savonlinna
73%
Oripää
72%
Pori
72%
Tampere
71%
Rauma
69%
Turku
69%
Hirvensalmi
68%
Enontekiö
67%
Kauniainen
67%
Kaustinen
67%
Multia
66%
Naantali
66%
Oulu
66%
Seinäjoki
66%
Imatra
65%
Kuusamo
65%
Kotka
64%
Kuopio
64%
Jyväskylä
63%
Laitila
63%
Laukaa
63%
Kyyjärvi
62%
Lumijoki
62%
Sipoo
62%
Kajaani
61%
Lapua
61%
Mikkeli
61%
Perho
61%
Tornio
61%
Kemi
60%
Rovaniemi
60%
Ylöjärvi
60%
Ii
59%
Janakkala
59%
Joensuu
59%
Liminka
59%
Varkaus
59%
Heinola
58%
Akaa
57%
Hanko
57%
Kokkola
57%
Lieksa
57%
Myrskylä
57%
Nokia
57%
Padasjoki
57%
Porvoo
57%
Tammela
57%
Utsjoki
57%
Vaasa
57%
Raisio
56%
Toivakka
56%
Iisalmi
55%
Kangasala
55%
Kannonkoski
55%
Kauhajoki
55%
Lahti
55%
Laihia
55%
Lieto
55%
Raahe
55%
Raasepori
55%
Savukoski
55%
Vöyri
55%
Alajärvi
54%
Aura
54%
Hamina
54%
Hollola
54%
Joroinen
54%
Lapinlahti
54%
Mäntsälä
54%
Mäntyharju
54%
Nakkila
54%
Oulainen
54%
Säkylä
54%
Muurame
53%
Valkeakoski
53%
Ilmajoki
52%
Kauhava
52%
Kirkkonummi
52%
Kouvola
52%
Rautalampi
52%
Ylivieska
52%
Äänekoski
51%
Askola
51%
Hankasalmi
51%
Isokyrö
51%
Keminmaa
51%
Loviisa
51%
Maarianhamina
51%
Punkalaidun
51%
Rautavaara
51%
Uusikaarlepyy
51%
Eura
50%
Geta
50%
Hyvinkää
50%
Järvenpää
50%
Jomala
50%
Kaarina
50%
Kannus
50%
Kontiolahti
50%
Marttila
50%
Nousiainen
50%
Outokumpu
50%
Ruokolahti
50%
Siikajoki
50%
Simo
50%
Ulvila
50%
Virrat
50%
Huittinen
49%
Ilomantsi
49%
Kemijärvi
49%
Kiuruvesi
49%
Leppävirta
49%
Salo
49%
Siikainen
49%
Hailuoto
48%
Heinävesi
48%
Kempele
48%
Kerava
48%
Kittilä
48%
Kumlinge
48%
Miehikkälä
48%
Posio
48%
Riihimäki
48%
Siilinjärvi
48%
Sodankylä
48%
Tyrnävä
48%
Vehmaa
48%
Hyrynsalmi
47%
Lempäälä
47%
Luhanka
47%
Pälkäne
47%
Pietarsaari
47%
Uusikaupunki
47%
Vieremä
47%
Vihti
47%
Viitasaari
47%
Alavus
46%
Asikkala
46%
Evijärvi
46%
Haapavesi
46%
Humppila
46%
Ikaalinen
46%
Jämsä
46%
Joutsa
46%
Juva
46%
Kalajoki
46%
Kivijärvi
46%
Kökar
46%
Kristiinankaupunki
46%
Kurikka
46%
Lohja
46%
Muhos
46%
Pirkkala
46%
Pudasjärvi
46%
Siikalatva
46%
Alavieska
45%
Eurajoki
45%
Harjavalta
45%
Hattula
45%
Inkoo
45%
Kangasniemi
45%
Kemiönsaari
45%
Keuruu
45%
Kitee
45%
Kolari
45%
Liperi
45%
Muonio
45%
Petäjävesi
45%
Pieksämäki
45%
Pihtipudas
45%
Puolanka
45%
Puumala
45%
Pyhäjoki
45%
Ranua
45%
Saarijärvi
45%
Salla
45%
Sauvo
45%
Somero
45%
Sulkava
45%
Tervola
45%
Ylitornio
45%
Eckerö
44%
Iitti
44%
Kaavi
44%
Loppi
44%
Merikarvia
44%
Ristijärvi
44%
Sastamala
44%
Sonkajärvi
44%
Sotkamo
44%
Tuusula
44%
Vimpeli
44%
Ähtäri
43%
Kankaanpää
43%
Karijoki
43%
Kokemäki
43%
Konnevesi
43%
Kuortane
43%
Lemi
43%
Loimaa
43%
Nivala
43%
Pielavesi
43%
Rääkkylä
43%
Rautjärvi
43%
Ruovesi
43%
Savitaipale
43%
Sund
43%
Suomussalmi
43%
Suonenjoki
43%
Taipalsaari
43%
Taivalkoski
43%
Uurainen
43%
Forssa
42%
Hämeenkyrö
42%
Karstula
42%
Kaskinen
42%
Keitele
42%
Merijärvi
42%
Polvijärvi
42%
Utajärvi
42%
Vesilahti
42%
Halsua
41%
Isojoki
41%
Karkkila
41%
Kärsämäki
41%
Kinnula
41%
Kuhmo
41%
Mustasaari
41%
Nurmes
41%
Siuntio
41%
Sottunga
41%
Sysmä
41%
Tervo
41%
Tuusniemi
41%
Vaala
41%
Vesanto
41%
Ypäjä
41%
Föglö
40%
Hammarland
40%
Hartola
40%
Lapinjärvi
40%
Luumäki
40%
Mänttä-vilppula
40%
Paltamo
40%
Pelkosenniemi
40%
Pello
40%
Pyhäjärvi
40%
Pyhäntä
40%
Rantasalmi
40%
Sievi
40%
Taivassalo
40%
Brändö
39%
Enonkoski
39%
Haapajärvi
39%
Juupajoki
39%
Kustavi
39%
Lumparland
39%
Närpiö
39%
Pomarkku
39%
Pornainen
39%
Pyhtää
39%
Rusko
39%
Tohmajärvi
39%
Toholampi
39%
Veteli
39%
Virolahti
39%
Hausjärvi
38%
Jämijärvi
38%
Juuka
38%
Kärkölä
38%
Karvia
38%
Lappajärvi
38%
Lemland
38%
Luoto
38%
Masku
38%
Mynämäki
38%
Paimio
38%
Parikkala
38%
Parkano
38%
Jokioinen
37%
Kihniö
37%
Kuhmoinen
37%
Parainen
37%
Pyhäranta
37%
Reisjärvi
37%
Soini
37%
Teuva
37%
Koski Tl
36%
Kruunupyy
36%
Lestijärvi
36%
Urjala
36%
Vårdö
36%
Maalahti
35%
Pöytyä
35%
Korsnäs
34%
Pedersöre
34%
Saltvik
34%
Finström
32%
Ehtoja vastaavia visoja ei löytynyt
Tulosjakauma
Jokaisen tuloksen saaneiden osuus
Persentiili vastausten määrän mukaan
Tuloshistoriasi
Et ole pelannut tätä visaa